000 01408nam a22001817a 4500
003 NUST
005 20220329113247.0
008 220329b ||||| |||| 00| 0 eng d
020 _a9781639872527
022 _29781639872527
038 _aSAIF
082 _a511.3
_bPAR
245 _aFuzzy Logic, Systems and Engineering Applications
_cHubert Parks
260 _bMurphy & Moore Publishing
_c2021
500 _aA form of many-valued logic in which the truth value of variables may be any real number between 0 and 1, including these two is termed as fuzzy logic. The basis of the fuzzy logic is the observation that people make decisions on the basis of imprecise and non-numerical information. Fuzzy logic has applications in many fields, ranging from control theory to artificial intelligence. Fuzzy models are used to mathematically represent vagueness and imprecise information. These models can represent, recognize, interpret and utilize the data and information that are vague. This book is a compilation of chapters that discuss the most vital concepts and emerging trends in the field of fuzzy logic. The various advancements in this field along with its engineering applications are glanced at herein. As this field is emerging at a rapid pace, the contents of this book will help the readers understand the modern concepts and applications of the subject.
563 _aH.B
942 _2ddc
_cBK
999 _c588936
_d588936